Au Rugby - Statistiques

Statistiques générales
  • Ce quiz a été pris 43 fois
  • Le résultat moyen est 12 sur 15
Answers on the Grid
Answers color-coded by a green-red scale on the quiz's grid according to % correct below.
Buteur
Demi de Mêlée
Drop
Dunk
En avant
Essai
Gardien de But
Home run
Hors-jeu
Maul
Mêlée
Pack
Pénalité
Penalty
Pilier
Plaquage
Tee
Touche
Transformation
Touchdown
Ace
Double faute
Marcher
Temps Mort
Prison
Jet de 7 mètres
Coup droit
Smash
Corner
Lancer Franc
 
Statistiques - réponses
Réponse % Correct
Touche
94%
Demi de Mêlée
90%
Mêlée
90%
Plaquage
90%
Transformation
87%
Drop
84%
En avant
84%
Essai
84%
Pénalité
84%
Pilier
81%
Hors-jeu
77%
Maul
77%
Buteur
74%
Tee
71%
Pack
65%
Aucun quiz correspondant
Distribution des résultats
% des personnes avec chaque résultat
Percentile par nombre de réponses
Votre historique - résultats
Vous n’avez pas pris ce quiz